Nguyễn Đình Chiễu ngôi sao sáng của người trí thức Việt Nam

Сохранить в:
Библиографические подробности
Главный автор: Vũ Khiêu
Другие авторы: Nguyễn Đức Sự
Формат:
Опубликовано: H. Khoa học xã hội 1982
Предметы:
Метки: Добавить метку
Нет меток, Требуется 1-ая метка записи!
Thư viện lưu trữ: Trung tâm Học liệu Lê Vũ Hùng, Trường Đại học Đồng Tháp
LEADER 00904pam a22002418a 4500
001 00000116
005 20171026081022.0
008 110317s1982 ||||||Viesd
020 |c 370  |d 1 
041 0 # |a Vie 
082 1 4 |a 895.922 100 1  |b NG527Đ 
100 0 # |a Vũ Khiêu 
245 0 0 |a Nguyễn Đình Chiễu ngôi sao sáng của người trí thức Việt Nam  |c Vũ Khiêu, Nguyễn Đức Sự 
260 # # |a H.  |b Khoa học xã hội  |c 1982 
300 # # |a 119 tr.  |c 19 cm. 
653 # # |a Nguyễn Đình Chiễu-danh nhân -Việt Nam 
700 0 # |a Nguyễn Đức Sự 
852 # # |b Kho mượn  |j KM.0005748, KM.0005749, KM.0009694 
852 # # |b Kho đọc  |j KĐ.0000160 
852 # # |j KD.0000160  |j KM.0005748  |j KM.0009694  |j KM.0005749 
910 |d 17/03/2011 
980 # # |a Trung tâm Học liệu Lê Vũ Hùng, Trường Đại học Đồng Tháp